书目信息 |
| 题名: |
让中国重返西方市场
|
|
| 作者: | 李节传 编著 | |
| 分册: | ||
| 出版信息: | 北京 中国社会科学出版社 2005 |
|
| 页数: | 334页 | |
| 开本: | 21cm | |
| 丛书名: | ||
| 单 册: | ||
| 中图分类: | K837.127 , F752.771 | |
| 科图分类: | ||
| 主题词: | 对外贸易--中外关系--史料--北美洲 , 汉密尔顿--生平事迹 , 对外贸易--世界 | |
| 电子资源: | ||
| ISBN: | 7-5004-4979-8 | |
| 000 | 01760nam0 2200397 450 | |
| 000 | 01723nam0 2200385 450 | |
| 000 | 01686nam0 2200373 450 | |
| 000 | 01594nam0 2200337 450 | |
| 000 | 01618nam0 2200361 450 | |
| 000 | 01564nam0 2200337 450 | |
| 000 | 01582nam0 2200325 450 | |
| 000 | 01545nam0 2200313 45 | |
| 001 | TS2006027453 | |
| 005 | 20061229112458.53 | |
| 010 | @a7-5004-4979-8@dCNY25.00 | |
| 100 | @a20060829d2005 em y0chiy0110 ea | |
| 101 | 0 | @achi@deng@eeng |
| 102 | @aCN@b110000 | |
| 105 | @aa z 000yy | |
| 200 | 1 | @a让中国重返西方市场@Arang zhong guo chong fan xi fang shi chang@e阿尔文·汉密尔顿与中国和北美贸易的发展@EA Er Wen· Han Mi Er Dun Yu Zhong Guo He Bei Mei Mao Yi De Fa Zhan@f李节传著@FLi Jie Chuan Zhu |
| 210 | @a北京@c中国社会科学出版社@d2005 | |
| 215 | @a334页@c彩照@d21cm | |
| 300 | @a加拿大外交与贸易部“加拿大研究基金”和天津师范大学出版基金共同资助出版 | |
| 330 | @a20世纪60年代初,中国大闹饥荒而加拿大粮食生产过剩。阿尔文·汉密尔顿促成了两国之间的小麦贸易。本书大量使用了加拿大国家档案馆的汉密尔顿档案卷宗,揭开了许多中国与北美洲的贸易发展内幕。 | |
| 510 | 1 | @aLet China Turn to Western Market@eAlvin Hamilton and the Development of China's Trade with North America@zeng |
| 517 | 1 | @a阿尔文·汉密尔顿与中国和北美贸易的发展@Aa fan er wen · han mi er dun yu zhong guo he bei mei mao yi de fa zhan |
| 606 | @a对外贸易@x中外关系@x史料@y北美洲 | |
| 606 | 0 | @a汉密尔顿@y生平事迹 |
| 606 | 0 | @a对外贸易@x世界 |
| 690 | @aK837.127@v4 | |
| 690 | @aF752.771@v3 | |
| 701 | 0 | @a李节传@Ali jie chuan@4编著 |
| 801 | 0 | @aCN@b中图数据@c20061229 |
| 905 | @a10447@dF752.771@e18 | |
| 让中国重返西方市场:阿尔文·汉密尔顿与中国和北美贸易的发展/李节传著.-北京:中国社会科学出版社,2005 |
| 334页:彩照;21cm |
| 加拿大外交与贸易部“加拿大研究基金”和天津师范大学出版基金共同资助出版 |
| ISBN 7-5004-4979-8:CNY25.00 |
| 20世纪60年代初,中国大闹饥荒而加拿大粮食生产过剩。阿尔文·汉密尔顿促成了两国之间的小麦贸易。本书大量使用了加拿大国家档案馆的汉密尔顿档案卷宗,揭开了许多中国与北美洲的贸易发展内幕。 |
| ● |
| 相关链接 |
|
|
|
|
正题名:让中国重返西方市场
索取号:F752.771/18
 
预约/预借
| 序号 | 登录号 | 条形码 | 馆藏地/架位号 | 状态 | 备注 |
| 1 | 0619267 | 206192671 | 第一样本阅览室/ [索取号:F752.771/18] | 在馆 | |
| 2 | 0619268 | 206192680 | 第一借阅区/ [索取号:F752.771/18] | 在馆 | |
| 3 | 0619269 | 206192699 | 第一借阅区/ [索取号:F752.771/18] | 在馆 | |
| 4 | 0619270 | 206192706 | 第一借阅区/ [索取号:F752.771/18] | 在馆 | |
| 5 | 0619271 | 206192715 | 第一借阅区/ [索取号:F752.771/18] | 在馆 |